| 000 | 00455 a2200145 4500 | ||
|---|---|---|---|
| 005 | 20250619070117.0 | ||
| 020 | _a978-1-913622-85-5 | ||
| 082 | _a001.640 WRA | ||
| 100 | _aWRAITHMELL, P. | ||
| 245 | _aThe Digital Ecosystem: How to Create a Sustainable Digital Strategy for Your School. | ||
| 260 |
_aWoodbridge, _bJohn Catt, _c2021. |
||
| 300 |
_a198p.: ill.; _c21cm |
||
| 856 |
_yAccess Online Book _fDigital Ecosystem _dwww.johncatt.com |
||
| 942 |
_2ddc _cBKS |
||
| 999 |
_c4346 _d4346 |
||